Je investovanie do umenia dobrou investíciou?

Pojem umenie. Trhy s umením a obchodovanie. Ceny umeleckých diel starých majstrov a umeleckých diel 20. storočia. Tvorba cien umeleckých diel. Problematika falzifikátov na trhu s umením. Výhody a nevýhody investovania do umenia.

Salvato in:
Dettagli Bibliografici
Autore principale: Chovancová, Božena
Altri autori: Vovková, Katarína, 1977-
Natura: Capitolo di libro
Lingua:slovacco
Soggetti:
Tags: Aggiungi Tag
Nessun Tag, puoi essere il primo ad aggiungerne!!

MARC

LEADER 00000naa a2200000 4500
001 0134527
005 20240502072517.7
041 0 |a slo 
044 |a SK 
245 1 0 |a Je investovanie do umenia dobrou investíciou?  |c Božena Chovancová, Katarína Vovková 
520 |a Pojem umenie. Trhy s umením a obchodovanie. Ceny umeleckých diel starých majstrov a umeleckých diel 20. storočia. Tvorba cien umeleckých diel. Problematika falzifikátov na trhu s umením. Výhody a nevýhody investovania do umenia. 
610 2 0 |a trh finančný 
610 2 0 |a umenie 
610 2 0 |a obchod 
610 2 0 |a trh 
610 2 0 |a investovanie 
610 2 0 |a investície 
100 1 |a Chovancová, Božena 
700 1 |a Vovková, Katarína, 1977-